Informe de gestión 2017-2020 : Policía Nacional de la República Dominicana / (Record no. 49993)
[ view plain ]
| 000 -CABECERA | |
|---|---|
| campo de control de longitud fija | 01013nam a22002537a 4500 |
| 003 - IDENTIFICADOR DEL NÚMERO DE CONTROL | |
| campo de control | DO-SdBNP |
| 005 - FECHA Y HORA DE LA ÚLTIMA TRANSACCIÓN | |
| campo de control | 20210811111015.0 |
| 007 - CAMPO FIJO DE DESCRIPCIÓN FÍSICA--INFORMACIÓN GENERAL | |
| campo de control de longitud fija | ta |
| 008 - DATOS DE LONGITUD FIJA--INFORMACIÓN GENERAL | |
| campo de control de longitud fija | 210623e2020 dr ac||grt||| 00| 0 spa d |
| 040 ## - FUENTE DE LA CATALOGACIÓN | |
| Centro catalogador/agencia de origen | DO-SdBNP |
| Lengua de catalogación | spa |
| Centro/agencia transcriptor | BNPHU |
| 041 ## - CÓDIGO DE LENGUA | |
| Código de lengua original | spa |
| 082 #4 - NÚMERO DE LA CLASIFICACIÓN DECIMAL DEWEY | |
| Número de clasificación | 363.2097293 |
| Número de documento/Ítem | P766i 2017-2020 |
| Número de edición | 22 |
| 110 1# - ENTRADA PRINCIPAL--NOMBRE DE ENTIDAD CORPORATIVA | |
| Nombre de entidad corporativa o nombre de jurisdicción como elemento de entrada | Policía Nacional (República Dominicana) |
| 9 (RLIN) | 78984 |
| 245 13 - MENCIÓN DE TÍTULO | |
| Título | Informe de gestión 2017-2020 : Policía Nacional de la República Dominicana / |
| Mención de responsabilidad, etc. | Frank Félix Durán Mejía ... [et al.] , fotografías Jovany Gallardo ... [et al.] |
| 260 ## - PUBLICACIÓN, DISTRIBUCIÓN, ETC. | |
| Lugar de publicación, distribución, etc. | Santo Domingo : |
| Nombre del editor, distribuidor, etc. | Policía Nacional de la República Dominicana, |
| Fecha de publicación, distribución, etc. | 2020. |
| 300 ## - DESCRIPCIÓN FÍSICA | |
| Extensión | 247 p.: |
| Otras características físicas | il., fots. ; |
| Dimensiones | 28 cm |
| 590 ## - NOTA LOCAL (RLIN) | |
| Nota local | Inventariado, 2021/MFF |
| 650 #4 - PUNTO DE ACCESO ADICIONAL DE MATERIA--TÉRMINO DE MATERIA | |
| Término de materia o nombre geográfico como elemento de entrada | Policía |
| Subdivisión geográfica | República Dominicana |
| Subdivisión general | Informes |
| Subdivisión cronológica | 2017-2020 |
| 9 (RLIN) | 79435 |
| 651 #4 - PUNTO DE ACCESO ADICIONAL DE MATERIA--NOMBRE GEOGRÁFICO | |
| Nombre geográfico | República Dominicana |
| Subdivisión general | Política y gobierno |
| Subdivisión cronológica | 2017-2020 |
| 9 (RLIN) | 79437 |
| 700 12 - PUNTO DE ACCESO ADICIONAL--NOMBRE DE PERSONA | |
| Nombre de persona | Duran Mejía, Frank Félix |
| 9 (RLIN) | 79294 |
| 700 12 - PUNTO DE ACCESO ADICIONAL--NOMBRE DE PERSONA | |
| Nombre de persona | Jovanny, Gallardo |
| Término indicativo de función/relación | il. |
| 9 (RLIN) | 78985 |
| 910 ## - DATOS DE OPCIÓN DEL USUARIO (OCLC) | |
| Datos de opción del usuario | Validado, 2021/MFF |
| 942 ## - ELEMENTOS DE PUNTO DE ACCESO ADICIONAL (KOHA) | |
| Fuente del sistema de clasificación o colocación | Dewey Decimal Classification |
| Tipo de ítem Koha | Libro |
| Estado de retiro | Estado de pérdida | Fuente del sistema de clasificación o colocación | Restricciones de uso | No para préstamo | Código de colección | Localización permanente | Ubicación/localización actual | Ubicación en estantería | Fecha de adquisición | Fuente de adquisición | Total de préstamos | Signatura topográfica completa | Código de barras | Fecha visto por última vez | Precio válido a partir de | Tipo de ítem Koha | Número de copia |
|---|---|---|---|---|---|---|---|---|---|---|---|---|---|---|---|---|---|
| Dewey Decimal Classification | Préstamo en sala | Dominicana de Servicio | Biblioteca Nacional Pedro Henríquez Ureña | Dominicana | Depósito | 23.11.2021 | Donado por Editora Búho | BNPHU DS 363.2097293 P766i 2017-2020 | 2021-2230 | 23.06.2021 | 23.06.2021 | Libro y Folleto Colección Dominicana de Servicio | e.3 | ||||
| Dewey Decimal Classification | Excluido de préstamo | Excluido de préstamo | Patrimonio Dominicano | Biblioteca Nacional Pedro Henríquez Ureña | Patrimonio Dominicano | Depósito | 23.11.2020 | Donado por Editora Búho | BNPHU PD 363.2097293 P766i 2017-2020 | 2021-2228 | 23.06.2021 | 23.06.2021 | Libro y Folleto Colección Patrimonio Dominicano | ||||
| Dewey Decimal Classification | Excluido de préstamo | Préstamo restrigido | Patrimonio Dominicano | Biblioteca Nacional Pedro Henríquez Ureña | Patrimonio Dominicano | Depósito | 23.11.2020 | Donado por Editora Búho | BNPHU PD 363.2097293 P766i 2017-2020 | 2021-2229 | 23.06.2021 | 23.06.2021 | Libro y Folleto Colección Patrimonio Dominicano | e.2 |
